[Event "Marathon de Granby-A"]
[Site "Granby CAN"]
[Date "2004.05.01"]
[Round "2"]
[White "English, Michel"]
[Black "Marcone, Malcom"]
[Result "0-1"]
[WhiteElo "1621"]
[BlackElo "1904"]
[PlyCount "107"]
[GameId "2160767911158367"]
[EventDate "2004.04.30"]
[EventType "swiss"]
[EventRounds "7"]
[EventCountry "CAN"]

1. d4 d5 2. c4 c6 3. Nf3 Nf6 4. Nc3 g6 5. Bf4 Bg7 6. e3 O-O 7. Qb3 dxc4 8. Bxc4 Qb6 9. O-O Qxb3 10. Bxb3 Bf5 11. Rfe1 Ne4 12. Nxe4 Bxe4 13. Ne5 Bxe5 14. Bxe5 Nd7 15. Bg3 Nf6 16. f3 Bd5 17. Bc2 Rfd8 18. Red1 Rac8 19. e4 Be6 20. Rac1 Rd7 21. Bf2 a6 22. Be3 Ne8 23. b3 Nc7 24. Bd3 f6 25. Bc4 Rcd8 26. Rd2 Bf7 27. Rcd1 Nb5 28. Bxf7+ Kxf7 29. g4 e5 30. dxe5 Rxd2 31. Rxd2 Rxd2 32. Bxd2 fxe5 33. Kf2 Ke6 34. Ke3 Nd6 35. Bc3 b5 36. f4 exf4+ 37. Kxf4 c5 38. h4 c4 39. b4 Nf7 40. g5 Nd6 41. Ke3 Nf7 42. Kd4 Kd6 43. Be1 Nd8 44. Bg3+ Kd7 45. Kd5 Ne6 46. Be5 c3 47. Bxc3 Nc7+ 48. Kc5 Ne6+ 49. Kb6 Nf4 50. Kxa6 Kc6 51. a4 bxa4 52. b5+ Kc7 53. b6+ Kb8 54. Be5+ 0-1

[Event "Marathon de Granby-B"]
[Site "Granby CAN"]
[Date "2004.04.30"]
[Round "1"]
[White "Fournier, Sylvain"]
[Black "Lemay, Hugo"]
[Result "0-1"]
[WhiteElo "1168"]
[BlackElo "1427"]
[PlyCount "53"]
[GameId "2160767911158371"]
[EventDate "2004.04.30"]
[EventType "swiss"]
[EventRounds "7"]
[EventCountry "CAN"]

1. d4 Nf6 2. c4 g6 3. Bg5 Bg7 4. Bxf6 Bxf6 5. e4 c5 6. e5 Bg7 7. Qf3 cxd4 8. e6 dxe6 9. Bd3 Nc6 10. Be4 Bd7 11. Nd2 O-O 12. h4 f5 13. Nh3 Ne5 14. Qg3 fxe4 15. Nxe4 Bc6 16. Neg5 Qd7 17. Nxh7 Kxh7 18. Ng5+ Kg8 19. h5 Rf5 20. h6 Bh8 21. f4 Qe8 22. fxe5 Rxe5+ 23. Kd2 Qb8 24. h7+ Kg7 25. Raf1 Re2+ 26. Kxe2 d3+ 27. Kd2 0-1

[Event "Marathon de Granby-B"]
[Site "Granby CAN"]
[Date "2004.04.30"]
[Round "1"]
[White "Laporte, Michel"]
[Black "Gauvin, Jean-Pierre"]
[Result "1-0"]
[WhiteElo "1366"]
[BlackElo "1361"]
[PlyCount "119"]
[GameId "2160767911158373"]
[EventDate "2004.04.30"]
[EventType "swiss"]
[EventRounds "7"]
[EventCountry "CAN"]

1. e4 e6 2. d4 d5 3. e5 c5 4. c3 Nc6 5. Nf3 Qb6 6. a3 Be7 7. dxc5 Bxc5 8. Qc2 Bd7 9. b4 Be7 10. Be3 Qc7 11. Bf4 Qd8 12. Bd3 f6 13. Bxh7 f5 14. Bg6+ Kf8 15. g3 Rc8 16. Qd2 Be8 17. Bxe8 Kxe8 18. Bg5 Bxg5 19. Qxg5 Qxg5 20. Nxg5 Nxe5 21. Nxe6 Kf7 22. Nd4 Ne7 23. Nb5 Rc7 24. Nxc7 a6 25. O-O Rc8 26. f4 Ng4 27. h3 Nf6 28. Nxa6 bxa6 29. Ra2 Ne4 30. Rf3 g5 31. fxg5 Nxg5 32. Kg2 Nxf3 33. Kxf3 Kf6 34. Rc2 Ng6 35. Nd2 Ne5+ 36. Kf4 Nd3+ 37. Ke3 Ne5 38. a4 Nc4+ 39. Nxc4 Rxc4 40. Kd3 Kg5 41. Re2 Kf6 42. Re8 Rc6 43. b5 axb5 44. axb5 Rb6 45. c4 Kf7 46. Re5 dxc4+ 47. Kxc4 Kf6 48. Kc5 Rb8 49. Rd5 Ke6 50. Rd6+ Ke7 51. b6 Rc8+ 52. Rc6 Rg8 53. g4 fxg4 54. hxg4 Rg5+ 55. Kb4 Kd7 56. Rc4 Rg6 57. Kb5 Rg5+ 58. Ka6 Rg6 59. Ka7 Rg5 60. b7 1-0

[Event "Marathon de Granby-B"]
[Site "Granby CAN"]
[Date "2004.05.01"]
[Round "2"]
[White "Lemay, Hugo"]
[Black "Plante, Marc-Eric"]
[Result "1-0"]
[WhiteElo "1427"]
[BlackElo "1176"]
[PlyCount "49"]
[GameId "2160767911158375"]
[EventDate "2004.04.30"]
[EventType "swiss"]
[EventRounds "7"]
[EventCountry "CAN"]

1. e4 c5 2. Nf3 e6 3. d4 cxd4 4. Nxd4 Nf6 5. Nc3 Nc6 6. Be3 Bb4 7. f3 d5 8. Bd3 dxe4 9. Nxc6 bxc6 10. fxe4 Bxc3+ 11. bxc3 Nxe4 12. Qf3 Nf6 13. O-O O-O 14. Bg5 Rb8 15. Qg3 Qb6+ 16. Be3 Qd8 17. Qxb8 Qa5 18. Qb4 Qh5 19. Rf4 Nd5 20. Rh4 Qe5 21. Bxh7+ Kh8 22. Bg6+ Kg8 23. Rh8+ Kxh8 24. Qh4+ Kg8 25. Qh7# 1-0

[Event "Marathon de Granby-B"]
[Site "Granby CAN"]
[Date "2004.05.01"]
[Round "4"]
[White "Lemay, Hugo"]
[Black "Breton, Jules"]
[Result "0-1"]
[WhiteElo "1427"]
[BlackElo "1394"]
[PlyCount "59"]
[GameId "2160767911158376"]
[EventDate "2004.04.30"]
[EventType "swiss"]
[EventRounds "7"]
[EventCountry "CAN"]

1. e4 e6 2. d4 d5 3. Nd2 c5 4. c3 Nc6 5. Ngf3 f6 6. Bb5 Nge7 7. dxc5 a6 8. Ba4 b5 9. cxb6 Qxb6 10. O-O Bd7 11. exd5 Nxd5 12. Re1 Be7 13. Bxc6 Qxc6 14. Nd4 Qc8 15. N2f3 O-O 16. Nh4 e5 17. Nc2 Be6 18. g3 Qb7 19. Ne3 Rad8 20. Qf3 Qc8 21. Nef5 Rf7 22. Re4 Bf8 23. Qh5 g6 24. Rg4 Bg7 25. Rxg6 hxg6 26. Qxg6 Ne7 27. Nh6+ Kf8 28. Qh7 Rd1+ 29. Kg2 Bh3+ 30. Kf3 0-1

[Event "March Active"]
[Site "Winnipeg CAN"]
[Date "2004.03.30"]
[Round "1"]
[White "Booth, Kevin"]
[Black "Magyar, Peter"]
[Result "1-0"]
[WhiteElo "1314"]
[BlackElo "1685"]
[PlyCount "87"]
[GameId "2160767911175144"]
[EventDate "2004.03.30"]
[EventType "swiss (rapid)"]
[EventRounds "4"]
[EventCountry "CAN"]
[SourceTitle "EXT 2006"]
[Source "ChessBase"]
[SourceDate "2005.11.24"]
[SourceVersion "1"]
[SourceVersionDate "2005.11.24"]
[SourceQuality "1"]

1. d4 e6 2. Nf3 d5 3. e3 Nf6 4. c4 Be7 5. Nc3 c6 6. c5 b6 7. cxb6 axb6 8. a3 O-O 9. Bd2 Nbd7 10. Bd3 Ba6 11. Qc2 Bxd3 12. Qxd3 Qc7 13. e4 Nxe4 14. Nxe4 dxe4 15. Qxe4 Nf6 16. Qc2 Rfd8 17. O-O Bd6 18. Rfe1 Ng4 19. h3 Nf6 20. Ne5 c5 21. Rac1 Nd7 22. Nxd7 Rxd7 23. Be3 Rc8 24. dxc5 bxc5 25. Ra1 c4 26. a4 Be5 27. a5 c3 28. a6 cxb2 29. Qxc7 Rdxc7 30. Rab1 Rc4 31. a7 Ra4 32. Red1 h6 33. f4 Bf6 34. Kh2 Kh7 35. Rd7 Ra1 36. Rdd1 Kg6 37. Kg3 Rc6 38. Bd4 Bxd4 39. Rxd4 Rxa7 40. Rxb2 Ra3+ 41. Kh2 Rac3 42. Rdd2 Kf5 43. Rf2 f6 44. Rbe2 1-0

[Event "March Active"]
[Site "Winnipeg CAN"]
[Date "2004.03.30"]
[Round "1"]
[White "Cleto, Sam"]
[Black "Lipnowski, Samuel"]
[Result "0-1"]
[WhiteElo "1883"]
[BlackElo "2121"]
[PlyCount "96"]
[GameId "2160767911175145"]
[EventDate "2004.03.30"]
[EventType "swiss (rapid)"]
[EventRounds "4"]
[EventCountry "CAN"]
[SourceTitle "EXT 2006"]
[Source "ChessBase"]
[SourceDate "2005.11.24"]
[SourceVersion "1"]
[SourceVersionDate "2005.11.24"]
[SourceQuality "1"]

1. d4 d5 2. c4 c6 3. Nf3 Nf6 4. Nc3 a6 5. Ne5 e6 6. Bg5 Be7 7. e3 O-O 8. c5 Nbd7 9. Nxd7 Nxd7 10. Bxe7 Qxe7 11. Bd3 e5 12. O-O e4 13. Bc2 f5 14. Ne2 Nf6 15. f3 Rf7 16. fxe4 fxe4 17. Qe1 Bd7 18. Nf4 Raf8 19. Qh4 Ng4 20. Qxe7 Rxe7 21. Bd1 Ref7 22. g3 g5 23. h3 gxf4 24. hxg4 fxg3 25. Rxf7 Rxf7 26. Be2 Rf3 27. Re1 Rf2 28. Bd1 Rxb2 29. a4 Kg7 30. Be2 Kg6 31. Kg2 Bxg4 32. Kxg3 Rxe2 33. Rb1 Bc8 34. Kf4 Kf6 35. Rh1 Rf2+ 36. Kg3 Rf3+ 37. Kg2 Kg6 38. Re1 h5 39. a5 h4 40. Kh2 Rf2+ 41. Kh1 h3 42. Rg1+ Rg2 43. Rf1 Bg4 44. Rf6+ Kg5 45. Rg6+ Kh4 46. Rh6+ Kg3 47. Rxh3+ Kf2 48. Rf3+ Ke2 0-1

[Event "March Active"]
[Site "Winnipeg CAN"]
[Date "2004.03.30"]
[Round "1"]
[White "Czypinski, Jaroslaw"]
[Black "Estabrooks, Mike"]
[Result "1-0"]
[WhiteElo "1903"]
[BlackElo "1700"]
[PlyCount "70"]
[GameId "2160767911175146"]
[EventDate "2004.03.30"]
[EventType "swiss (rapid)"]
[EventRounds "4"]
[EventCountry "CAN"]
[SourceTitle "EXT 2006"]
[Source "ChessBase"]
[SourceDate "2005.11.24"]
[SourceVersion "1"]
[SourceVersionDate "2005.11.24"]
[SourceQuality "1"]

1. e4 c5 2. d4 cxd4 3. c3 Nc6 4. Nf3 d6 5. Bc4 h6 6. O-O Bg4 7. cxd4 Nf6 8. d5 Bxf3 9. Qxf3 Ne5 10. Bb5+ Nfd7 11. Qe2 a6 12. Bxd7+ Nxd7 13. Be3 g6 14. Bd4 f6 15. f4 Bg7 16. Nc3 O-O 17. Rac1 Rc8 18. Nb1 Qa5 19. Qg4 Rxc1 20. Rxc1 Nc5 21. Bxc5 dxc5 22. Qe6+ Rf7 23. Nc3 b6 24. Rd1 Bf8 25. h4 c4 26. Qc6 Qb4 27. Rb1 Qd6 28. Qxd6 exd6 29. Kf2 Re7 30. g4 b5 31. a3 Rb7 32. Na2 a5 33. Ke3 Be7 34. b4 cxb3 35. Rxb3 Kf7 1-0

[Event "March Active"]
[Site "Winnipeg CAN"]
[Date "2004.03.30"]
[Round "1"]
[White "Degroot, Stephen"]
[Black "Gibbons, Lorne"]
[Result "1-0"]
[WhiteElo "1552"]
[BlackElo "1368"]
[PlyCount "47"]
[GameId "2160767911175147"]
[EventDate "2004.03.30"]
[EventType "swiss (rapid)"]
[EventRounds "4"]
[EventCountry "CAN"]
[SourceTitle "EXT 2006"]
[Source "ChessBase"]
[SourceDate "2005.11.24"]
[SourceVersion "1"]
[SourceVersionDate "2005.11.24"]
[SourceQuality "1"]

1. c4 e5 2. Nc3 Bc5 3. g3 Nf6 4. Bg2 a6 5. e4 Nc6 6. Nge2 O-O 7. O-O d6 8. d3 Bd7 9. h3 Qc8 10. Kh2 Nd4 11. Nxd4 exd4 12. Ne2 Ba7 13. f4 Re8 14. Ng1 c5 15. Rf2 Re7 16. Qe2 Qc7 17. f5 Bc6 18. Bg5 Kf8 19. Bxf6 gxf6 20. Qh5 Kg7 21. Rf4 Rg8 22. Raf1 Qa5 23. Rh4 Rh8 24. Qh6+ 1-0

[Event "March Active"]
[Site "Winnipeg CAN"]
[Date "2004.03.30"]
[Round "1"]
[White "Dharssi, Karim"]
[Black "Pottinger, Carl"]
[Result "0-1"]
[WhiteElo "1383"]
[BlackElo "1653"]
[PlyCount "64"]
[GameId "2160767911175148"]
[EventDate "2004.03.30"]
[EventType "swiss (rapid)"]
[EventRounds "4"]
[EventCountry "CAN"]
[SourceTitle "EXT 2006"]
[Source "ChessBase"]
[SourceDate "2005.11.24"]
[SourceVersion "1"]
[SourceVersionDate "2005.11.24"]
[SourceQuality "1"]

1. c4 Nf6 2. Nf3 g6 3. e3 Bg7 4. Nc3 O-O 5. d3 c5 6. g3 d6 7. Bg2 Bg4 8. h3 Bd7 9. Ng5 Nc6 10. Nce4 Qc8 11. d4 cxd4 12. exd4 Nxe4 13. Nxe4 Nxd4 14. Be3 Qxc4 15. Rc1 Qb4+ 16. Nc3 Qxb2 17. O-O Nc6 18. Rc2 Qb4 19. Nd5 Qa5 20. Rxc6 bxc6 21. Nxe7+ Kh8 22. Nxc6 Bxc6 23. Bxc6 Rac8 24. Qf3 Qxa2 25. Rd1 Be5 26. Qe4 Qa3 27. Bd4 Qa5 28. Ra1 Qc7 29. Bxe5+ dxe5 30. Bb7 Rcd8 31. Rxa7 Qd6 32. Bc6 Qd4 0-1

[Event "March Active"]
[Site "Winnipeg CAN"]
[Date "2004.03.30"]
[Round "1"]
[White "MacPherson, Al"]
[Black "Taylor, Jasper"]
[Result "0-1"]
[WhiteElo "1638"]
[BlackElo "1417"]
[PlyCount "55"]
[GameId "2160767911175149"]
[EventDate "2004.03.30"]
[EventType "swiss (rapid)"]
[EventRounds "4"]
[EventCountry "CAN"]
[SourceTitle "EXT 2006"]
[Source "ChessBase"]
[SourceDate "2005.11.24"]
[SourceVersion "1"]
[SourceVersionDate "2005.11.24"]
[SourceQuality "1"]

1. d4 c6 2. c4 d5 3. Nc3 e6 4. Nf3 Nf6 5. Bg5 Nbd7 6. e3 Be7 7. Bd3 O-O 8. O-O h6 9. Bh4 dxc4 10. Bxc4 c5 11. Rc1 b6 12. a3 Bb7 13. dxc5 Nxc5 14. b4 Na6 15. Ba2 Rc8 16. Nd4 Nc7 17. Bb1 Ncd5 18. Qd3 Nxc3 19. Rxc3 Rxc3 20. Qxc3 Qc8 21. Qb2 Rd8 22. Rc1 Qd7 23. Bg3 Rc8 24. Rxc8+ Qxc8 25. f3 Qc4 26. Ba2 Qd3 27. Qb3 Qxb3 28. Bxb3 0-1

[Event "March Active"]
[Site "Winnipeg CAN"]
[Date "2004.03.30"]
[Round "1"]
[White "Nikouline, Alexandre"]
[Black "Hogeveen Rutter, Alexander"]
[Result "0-1"]
[WhiteElo "1987"]
[BlackElo "1768"]
[PlyCount "80"]
[GameId "2160767911175150"]
[EventDate "2004.03.30"]
[EventType "swiss (rapid)"]
[EventRounds "4"]
[EventCountry "CAN"]
[SourceTitle "EXT 2006"]
[Source "ChessBase"]
[SourceDate "2005.11.24"]
[SourceVersion "1"]
[SourceVersionDate "2005.11.24"]
[SourceQuality "1"]

1. e4 c5 2. Nf3 Nc6 3. d4 cxd4 4. Nxd4 g6 5. c4 Bg7 6. Be3 Nf6 7. Nc3 O-O 8. Be2 d6 9. O-O Bd7 10. Rc1 a6 11. Qd2 Rc8 12. b3 Qa5 13. Nxc6 bxc6 14. Nd5 Qxd2 15. Nxe7+ Kh8 16. Bxd2 Rce8 17. Bf4 Nxe4 18. Bd3 Rxe7 19. Rce1 d5 20. Bd6 Nxd6 21. Rxe7 Be6 22. cxd5 cxd5 23. Bxa6 Ra8 24. Bb7 Ra7 25. a4 Rxb7 26. Rxb7 Nxb7 27. b4 Bc3 28. a5 Nxa5 29. bxa5 Bxa5 30. Ra1 Bc3 31. Ra8+ Kg7 32. Kf1 d4 33. f3 d3 34. Rd8 Bc4 35. Kf2 d2 36. g4 Bb3 37. Ke2 d1=Q+ 38. Rxd1 Bxd1+ 39. Kxd1 Be5 40. h4 Bg3 0-1

[Event "March Active"]
[Site "Winnipeg CAN"]
[Date "2004.03.30"]
[Round "1"]
[White "Prince, Colin"]
[Black "Repa, Jason"]
[Result "1/2-1/2"]
[WhiteElo "1705"]
[BlackElo "1964"]
[PlyCount "37"]
[GameId "2160767911175151"]
[EventDate "2004.03.30"]
[EventType "swiss (rapid)"]
[EventRounds "4"]
[EventCountry "CAN"]
[SourceTitle "EXT 2006"]
[Source "ChessBase"]
[SourceDate "2005.11.24"]
[SourceVersion "1"]
[SourceVersionDate "2005.11.24"]
[SourceQuality "1"]

1. e4 e6 2. d4 d5 3. exd5 exd5 4. Bd3 Bd6 5. Nf3 Ne7 6. O-O Nbc6 7. c4 dxc4 8. Bxc4 Bf5 9. Bg5 f6 10. Bh4 Qd7 11. Nc3 O-O-O 12. Nb5 Bg4 13. Nxd6+ Qxd6 14. Bg3 Qb4 15. Rc1 Nxd4 16. Qxd4 Rxd4 17. Nxd4 c6 18. Rfe1 Kd7 19. f3 1/2-1/2

[Event "March Active"]
[Site "Winnipeg CAN"]
[Date "2004.03.30"]
[Round "1"]
[White "Rutter, Blair"]
[Black "Mor, Shai"]
[Result "1-0"]
[WhiteElo "1626"]
[BlackElo "1370"]
[PlyCount "89"]
[GameId "2160767911175152"]
[EventDate "2004.03.30"]
[EventType "swiss (rapid)"]
[EventRounds "4"]
[EventCountry "CAN"]
[SourceTitle "EXT 2006"]
[Source "ChessBase"]
[SourceDate "2005.11.24"]
[SourceVersion "1"]
[SourceVersionDate "2005.11.24"]
[SourceQuality "1"]

1. c4 e5 2. g3 b6 3. Bg2 Nc6 4. Nc3 Bb7 5. Nf3 Nd4 6. e3 Nxf3+ 7. Bxf3 Bxf3 8. Qxf3 c6 9. b3 Qf6 10. Qe2 g6 11. Bb2 Bg7 12. Rd1 Qd8 13. O-O Ne7 14. d4 O-O 15. Ne4 f6 16. Qd3 d5 17. cxd5 cxd5 18. Nc3 e4 19. Qb5 a6 20. Qe2 Qd6 21. Rc1 b5 22. Nb1 Rac8 23. Ba3 b4 24. Bb2 f5 25. a3 Rxc1 26. Rxc1 Rc8 27. axb4 Bf8 28. Rxc8 Nxc8 29. Ba3 Qc6 30. Qd2 Qb5 31. Nc3 Bxb4 32. Nxb5 Bxd2 33. Nc7 a5 34. Nxd5 Kf7 35. Bc5 Ke6 36. Nf4+ Kd7 37. Kf1 Bb4 38. Bxb4 axb4 39. Ke2 Na7 40. Nd5 Kc6 41. Nxb4+ Kd6 42. Kd2 Nc6 43. Nxc6 Kxc6 44. Kc3 Kb5 45. b4 1-0

[Event "March Active"]
[Site "Winnipeg CAN"]
[Date "2004.03.30"]
[Round "1"]
[White "Schulz, Waldemar"]
[Black "Zaczek, Jonathon"]
[Result "0-1"]
[WhiteElo "2088"]
[BlackElo "1856"]
[PlyCount "73"]
[GameId "2160767911175153"]
[EventDate "2004.03.30"]
[EventType "swiss (rapid)"]
[EventRounds "4"]
[EventCountry "CAN"]
[SourceTitle "EXT 2006"]
[Source "ChessBase"]
[SourceDate "2005.11.24"]
[SourceVersion "1"]
[SourceVersionDate "2005.11.24"]
[SourceQuality "1"]

1. Nf3 Nf6 2. g3 g6 3. Bg2 Bg7 4. O-O O-O 5. d4 d6 6. c4 Nbd7 7. Nc3 c6 8. Qc2 a5 9. b3 Re8 10. Ba3 Qc7 11. Rad1 Rb8 12. e4 b5 13. Bc1 Ba6 14. cxb5 cxb5 15. Qb1 Qxc3 16. Bb2 Qc7 17. Rc1 Qb6 18. Rfd1 Rbc8 19. e5 Nd5 20. Ng5 e6 21. exd6 Qxd6 22. Ne4 Qb6 23. h4 Rxc1 24. Qxc1 Rc8 25. Qd2 Bb7 26. h5 N7f6 27. hxg6 hxg6 28. Nc5 Ba8 29. Re1 Rd8 30. Nd3 Ne7 31. Bxa8 Rxa8 32. Ne5 Rd8 33. Rc1 Nd7 34. Ng4 Nf5 35. Qf4 Bxd4 36. Bxd4 Nxd4 37. Kg2 0-1

[Event "March Active"]
[Site "Winnipeg CAN"]
[Date "2004.03.30"]
[Round "1"]
[White "Silva, T Romero"]
[Black "Vincent, Trevor"]
[Result "0-1"]
[WhiteElo "1806"]
[BlackElo "2053"]
[PlyCount "76"]
[GameId "2160767911175154"]
[EventDate "2004.03.30"]
[EventType "swiss (rapid)"]
[EventRounds "4"]
[EventCountry "CAN"]
[SourceTitle "EXT 2006"]
[Source "ChessBase"]
[SourceDate "2005.11.24"]
[SourceVersion "1"]
[SourceVersionDate "2005.11.24"]
[SourceQuality "1"]

1. d4 Nf6 2. c4 e5 3. d5 Bc5 4. Nc3 d6 5. e3 c6 6. a3 a5 7. Bd3 O-O 8. Ne4 Nxe4 9. Bxe4 f5 10. Bd3 Nd7 11. Ne2 Nf6 12. O-O Kh8 13. Ng3 cxd5 14. Bxf5 dxc4 15. Qc2 d5 16. b3 b5 17. Bb2 Qc7 18. Rac1 Bxf5 19. Nxf5 Qd7 20. Ng3 Rac8 21. a4 bxa4 22. bxa4 Bb4 23. Qe2 Rfd8 24. Bc3 Bxc3 25. Rxc3 Qc6 26. Qc2 d4 27. exd4 exd4 28. Rf3 c3 29. h4 Qc4 30. Rd1 Nd5 31. Nh5 Nb4 32. Qe4 Qd5 33. Qg4 Rc7 34. Rf5 Qd7 35. Qg5 c2 36. Rc1 Rdc8 37. Rxa5 Na2 38. Rf5 Nxc1 0-1

[Event "March Active"]
[Site "Winnipeg CAN"]
[Date "2004.03.30"]
[Round "1"]
[White "Taylor, Evan"]
[Black "Takacs, Alexander"]
[Result "0-1"]
[WhiteElo "1359"]
[BlackElo "1613"]
[PlyCount "93"]
[GameId "2160767911175155"]
[EventDate "2004.03.30"]
[EventType "swiss (rapid)"]
[EventRounds "4"]
[EventCountry "CAN"]

1. e4 e5 2. Nc3 Nf6 3. f4 exf4 4. e5 Ng8 5. Nf3 d6 6. d4 dxe5 7. Nxe5 Bd6 8. Bxf4 Qe7 9. Bc4 Be6 10. Bxe6 Qxe6 11. O-O Nf6 12. Re1 O-O 13. Ng6 Qc8 14. Nxf8 Bxf4 15. Qf3 Bd6 16. Rf1 Bxf8 17. Nd5 Nbd7 18. Rae1 c5 19. dxc5 Qxc5+ 20. Ne3 Qb6 21. b3 Re8 22. Kh1 Qe6 23. h3 b6 24. Qg3 Bd6 25. Qg5 h6 26. Qf5 Qe5 27. Qxe5 Bxe5 28. Nc4 Bc3 29. Rxe8+ Nxe8 30. Rd1 Ndf6 31. Nd6 Kf8 32. Nb5 Ne4 33. Rd8 Nf2+ 34. Kg1 Nxh3+ 35. gxh3 a6 36. Nxc3 Ke7 37. Ra8 a5 38. Rb8 a4 39. Nxa4 b5 40. Rxb5 Nd6 41. Re5+ Kd7 42. c4 f6 43. Re2 g5 44. c5 Ne8 45. Rxe8 Kxe8 46. b4 Kd7 47. b5 0-1

[Event "March Active"]
[Site "Winnipeg CAN"]
[Date "2004.03.30"]
[Round "2"]
[White "Degroot, Stephen"]
[Black "Cleto, Sam"]
[Result "1-0"]
[WhiteElo "1552"]
[BlackElo "1883"]
[PlyCount "67"]
[GameId "2160767911175156"]
[EventDate "2004.03.30"]
[EventType "swiss (rapid)"]
[EventRounds "4"]
[EventCountry "CAN"]
[SourceTitle "EXT 2006"]
[Source "ChessBase"]
[SourceDate "2005.11.24"]
[SourceVersion "1"]
[SourceVersionDate "2005.11.24"]
[SourceQuality "1"]

1. c4 Nf6 2. Nc3 c6 3. e4 e5 4. Nf3 Qc7 5. d4 Bb4 6. Bd3 exd4 7. Nxd4 O-O 8. Qc2 d5 9. O-O dxc4 10. Bxc4 Bc5 11. Nb3 Ng4 12. g3 Bb6 13. Bf4 Qe7 14. Rad1 Rd8 15. a4 a5 16. Rxd8+ Qxd8 17. e5 Qe7 18. Qe4 Be6 19. Bxe6 Qxe6 20. Nd4 Bxd4 21. Qxd4 Nd7 22. Rd1 Rd8 23. Ne4 b6 24. Qxb6 Rf8 25. Qxa5 Ndxe5 26. Bxe5 Nxe5 27. Nc5 Qg4 28. Rc1 Nf3+ 29. Kg2 Nh4+ 30. Kf1 Qh3+ 31. Ke2 Re8+ 32. Kd2 Nf3+ 33. Kc3 Qf5 34. Kb3 1-0

[Event "March Active"]
[Site "Winnipeg CAN"]
[Date "2004.03.30"]
[Round "2"]
[White "Estabrooks, Mike"]
[Black "Taylor, Evan"]
[Result "1-0"]
[WhiteElo "1700"]
[BlackElo "1359"]
[PlyCount "45"]
[GameId "2160767911175157"]
[EventDate "2004.03.30"]
[EventType "swiss (rapid)"]
[EventRounds "4"]
[EventCountry "CAN"]
[SourceTitle "EXT 2006"]
[Source "ChessBase"]
[SourceDate "2005.11.24"]
[SourceVersion "1"]
[SourceVersionDate "2005.11.24"]
[SourceQuality "1"]

1. f4 e5 2. fxe5 d6 3. exd6 Bxd6 4. Nf3 g5 5. g3 c6 6. Bg2 Qc7 7. O-O h6 8. d4 Nf6 9. Qd3 Nh5 10. e4 Bh3 11. e5 Bxg2 12. exd6 Qxd6 13. Re1+ Kf8 14. Kxg2 g4 15. Nh4 Qd5+ 16. Qe4 Qxe4+ 17. Rxe4 Nf6 18. Rf4 Kg7 19. Nf5+ Kg6 20. Ne3 h5 21. Nc3 Nbd7 22. Bd2 Rae8 23. Raf1 1-0

[Event "March Active"]
[Site "Winnipeg CAN"]
[Date "2004.03.30"]
[Round "2"]
[White "Hogeveen Rutter, Alexander"]
[Black "Repa, Jason"]
[Result "0-1"]
[WhiteElo "1768"]
[BlackElo "1964"]
[PlyCount "44"]
[GameId "2160767911175158"]
[EventDate "2004.03.30"]
[EventType "swiss (rapid)"]
[EventRounds "4"]
[EventCountry "CAN"]
[SourceTitle "EXT 2006"]
[Source "ChessBase"]
[SourceDate "2005.11.24"]
[SourceVersion "1"]
[SourceVersionDate "2005.11.24"]
[SourceQuality "1"]

1. e4 e6 2. d4 d5 3. exd5 exd5 4. c4 dxc4 5. Bxc4 Nf6 6. Nc3 Be7 7. Nf3 O-O 8. O-O Bg4 9. Be3 Nbd7 10. h3 Bh5 11. Re1 Nb6 12. Be2 Nbd5 13. Qb3 b6 14. Rac1 c5 15. dxc5 Nxe3 16. fxe3 Bxc5 17. Bc4 Bxf3 18. gxf3 Qd2 19. Nd5 Nxd5 20. Bxd5 Bxe3+ 21. Kh1 Bf4 22. Kg1 Bg3 0-1

[Event "March Active"]
[Site "Winnipeg CAN"]
[Date "2004.03.30"]
[Round "2"]
[White "Lipnowski, Samuel"]
[Black "Czypinski, Jaroslaw"]
[Result "1-0"]
[WhiteElo "2121"]
[BlackElo "1903"]
[PlyCount "99"]
[GameId "2160767911175159"]
[EventDate "2004.03.30"]
[EventType "swiss (rapid)"]
[EventRounds "4"]
[EventCountry "CAN"]
[SourceTitle "EXT 2006"]
[Source "ChessBase"]
[SourceDate "2005.11.24"]
[SourceVersion "1"]
[SourceVersionDate "2005.11.24"]
[SourceQuality "1"]

1. e4 e6 2. d4 d5 3. Nd2 dxe4 4. Nxe4 Nf6 5. Nxf6+ Qxf6 6. Nf3 Bd7 7. c4 Bb4+ 8. Bd2 Bxd2+ 9. Qxd2 O-O 10. Be2 Nc6 11. O-O Rad8 12. Qe3 Rfe8 13. Rad1 Ne7 14. Ne5 Bc6 15. Bf3 Bxf3 16. Nxf3 Nc6 17. Rfe1 h6 18. h3 Re7 19. Rd2 Red7 20. Red1 Kh8 21. d5 exd5 22. cxd5 Ne7 23. Qxa7 c6 24. dxc6 Rxd2 25. Rxd2 Rxd2 26. Nxd2 Qxc6 27. Nb3 Ng6 28. Qe3 Qa4 29. a3 Qb5 30. Qc3 Nf4 31. Nd4 Qd5 32. Qc8+ Kh7 33. Qf5+ Qxf5 34. Nxf5 Nd3 35. Nd6 b6 36. Nc4 b5 37. Nd6 Nxb2 38. Nxb5 Na4 39. Kf1 Kg6 40. Ke2 Kf5 41. Kd3 g5 42. Kc4 Ke5 43. Kb4 Nb6 44. Nc3 f5 45. a4 h5 46. a5 Nc8 47. Kc5 Nd6 48. a6 Nc8 49. Kc6 Kd4 50. Kc7 1-0

[Event "March Active"]
[Site "Winnipeg CAN"]
[Date "2004.03.30"]
[Round "2"]
[White "Magyar, Peter"]
[Black "Gibbons, Lorne"]
[Result "1-0"]
[WhiteElo "1685"]
[BlackElo "1368"]
[PlyCount "55"]
[GameId "2160767911175160"]
[EventDate "2004.03.30"]
[EventType "swiss (rapid)"]
[EventRounds "4"]
[EventCountry "CAN"]
[SourceTitle "EXT 2006"]
[Source "ChessBase"]
[SourceDate "2005.11.24"]
[SourceVersion "1"]
[SourceVersionDate "2005.11.24"]
[SourceQuality "1"]

1. e4 e5 2. Nc3 b6 3. Bc4 Nf6 4. d3 h6 5. Nf3 Bd6 6. O-O O-O 7. h3 c6 8. a3 b5 9. Ba2 Qb6 10. Be3 Bc5 11. Bxc5 Qxc5 12. Ne2 Re8 13. Ng3 g6 14. Qd2 Kh7 15. b4 Qf8 16. Nh2 d6 17. f4 Nfd7 18. fxe5 Nxe5 19. Ng4 Bxg4 20. hxg4 Re7 21. Qf4 Nbd7 22. d4 g5 23. Qf5+ Ng6 24. Bxf7 Qg7 25. Nh5 Qxd4+ 26. Kh1 Rf8 27. Qxg6+ Kh8 28. Qxh6# 1-0

[Event "March Active"]
[Site "Winnipeg CAN"]
[Date "2004.03.30"]
[Round "2"]
[White "Mor, Shai"]
[Black "MacPherson, Al"]
[Result "1-0"]
[WhiteElo "1370"]
[BlackElo "1638"]
[PlyCount "54"]
[GameId "2160767911175161"]
[EventDate "2004.03.30"]
[EventType "swiss (rapid)"]
[EventRounds "4"]
[EventCountry "CAN"]
[SourceTitle "EXT 2006"]
[Source "ChessBase"]
[SourceDate "2005.11.24"]
[SourceVersion "1"]
[SourceVersionDate "2005.11.24"]
[SourceQuality "1"]

1. c4 c5 2. g3 Nf6 3. Nc3 e6 4. Bg2 Be7 5. e4 Nc6 6. Nge2 O-O 7. O-O Nd4 8. d3 d6 9. Be3 Nc6 10. a3 Ng4 11. Bd2 Nge5 12. Be3 Re8 13. h3 Bf8 14. f4 Nd7 15. d4 g6 16. dxc5 dxc5 17. Qc2 f5 18. e5 Qc7 19. Nb5 Qb8 20. Rfd1 Ndxe5 21. fxe5 Qxe5 22. Bf4 Qg7 23. Nd6 Bxd6 24. Bxd6 Nd4 25. Nxd4 cxd4 26. Qa4 Bd7 27. Qb4 Bc6 1-0